Dissonant archives
| Titel: | Dissonant archives : contemporary visual culture and contested narratives in the Middle East / edited by Anthony Downey |
|---|---|
| Beteiligt: | |
| Veröffentlicht: | London : I.B. Tauris, 2015 |
| Umfang: | 469 Seiten : Illustrationen |
| Format: | Buch |
| Sprache: | Englisch |
| Schriftenreihe/ mehrbändiges Werk: |
Ibraaz and the visual culture in the Middle East ; 2 |
| RVK-Notation: |
·
·
·
|
| ISBN: | 9781784534110 |
| Hinweise zum Inhalt: |
Inhaltsverzeichnis
Klappentext |
alg: 36014672 001A $06057:15-06-15 001B $06055:13-03-26 $t20:13:07.000 001D $00034:11-08-15 001U $0utf8 001X $00 002@ $0Aau 002C $aText $btxt $2rdacontent 002D $aohne Hilfsmittel zu benutzen $bn $2rdamedia 002E $aBand $bnc $2rdacarrier 003@ $0360146724 003O $0909250369 $aOCoLC 004A $A978-1-78453-411-0 $f£17.99 006B $0GBB562939 007A $0360146724 $aHEB 007T $0ArchMa26736 009P $qapplication/pdf $A2 $3Inhaltsverzeichnis $uhttp://scans.hebis.de/HEBCGI/show.pl?36014672_toc.pdf $mV:DE-576;B:DE-21 009P $qapplication/pdf $A2 $3Klappentext $uhttp://scans.hebis.de/HEBCGI/show.pl?36014672_kla.pdf $mV:DE-576;B:DE-21 010@ $aeng 011@ $a2015 021A $aDissonant archives $dcontemporary visual culture and contested narratives in the Middle East $hedited by Anthony Downey 028C $BHerausgeber $4edt $71136100121 $8Downey, Anthony$Z20. Jh. [Tp3] $9404834388 033A $pLondon $nI.B. Tauris 034D $a469 Seiten 034M $aIllustrationen 036E $aIbraaz and the visual culture in the Middle East $l2 044K $RArchivkunde $RArchivalien $RArchivar $RKulturelle Einrichtung $#Archives $#Archives $#Archivos $#Archiv $#Archiv $#Elektronisches Archiv $#Archivwesen $#Archive $D20251120 $Ecgmnf $74002859-8 $8Archiv [Ts1] $9084999330 044K $RKünste $RKunstwerk $#Art $#Art $#Arte $#Arte $#arts $#Art $#Bildende Kunst $#Kunst $#Bildende Kunst $#Kunstdenkmal Kunst $D20251120 $Ecgmnf $74114333-4 $8Kunst [Tsz] $9085341703 044K $#Mittlerer Osten $D20251120 $Ecgmnf $74039755-5 $8Mittlerer Osten [Tg1] $9085108804 044K $D20251120 $Ecgmnf $7128750731 $8Jacir, Emily$Z1970- [Tp1] $9119015986 044K $RAsien $RLevante $RAlter Orient $#Nahost $#Geographische Räume Westasiens (länderübergreifend) $#Südwestasien $#Westasien $#Naher Orient $#Vorderasien $#Vorderer Orient $#Südwestasien $#Asien, Südwest $#Nahost $#Middle East Naher Osten $#Moyen-Orient Naher Osten $#Westasien $#Asien, West $D20251120 $Ecgmnf $74068878-1 $8Naher Osten [Tg1] $908519347X 044K $#Raʾad, Walid $D20251120 $Ecgmnf $7128711922 $8Raad, Walid$Z1967- [Tp1] $9118736051 044K $RAfrika $#Nordafrika $#Nordafrika $#Nordafrika $#Afrika, Nord $#Kleinafrika $D20251120 $Ecgmnf $74042482-0 $8Nordafrika [Tg1] $9085117358 044K $#Al-Ani, Jananne $#Al-Ani, Janane $#Ani, Janane al- $D20251120 $Ecgmnf $7128494506 $8Ani, Jananne$cal-$Z1966- [Tp1] $9158991591 044K $D20251120 $Ecgmnf $71069545236 $8Abbas, Basel$Z1983- [Tp1] $9357935292 044K $#Rahme, Ruanne Abou- $D20251120 $Ecgmnf $71069545708 $8Abou-Rahme, Ruanne$Z1983- [Tp1] $9357935691 044K $RMotiv $D20251120 $Ecgmnf $74695550-1 $8Archiv$gMotiv [Ts1] $9106417835 044K $D20251120 $Ecgmnf $7131882244 $8Sedira, Zineb$Z1963- [Tp1] $917992415X 044K $#Al-Zaʿatarī, Akram $#Zaatary, Akram $#Zaatari, Akram $D20251120 $Ecgmnf $7135864933 $8Zaʿatarī, Akram$Z1966- [Tp1] $9202164209 044K $RIslamische Staaten $#Arabische Staaten $#arabische Länder $#Arabische Länder $#Arabischsprachige Länder $#Arabische Länder $#Arabisches Sprachgebiet $D20251120 $Ecgmnf $74068789-2 $8Arabische Staaten [Tg1] $9085193178 045B $a027.0956 $eDDC23eng 045Z $D20251120 $Ecgmnf $8LO 87142 [Tkv] $9410100099 045Z $D20251120 $Ecgmnf $8AK 14366 [Tkv] $9407073116 045Z $D20251120 $Ecgmnf $8AL 12366 [Tkv] $9407104844 045Z $D20251120 $Ecgmnf $8AP 19660 [Tkv] $9407307494 lok: 36014672 23 exp: 36014672 23 1 #EPN 201B/01 $003-09-15 $t10:04:18.000 201C/01 $022-07-15 201U/01 $0utf8 203@/01 $075729944X 208@/01 $a03-09-15 $bz 209A/01 $a25 Ges CB 5019 $du $f024 $hGES CB 5019 $x00 209G/01 $a27467105 $x00 247C/01 $8352024-9 <34/24>Kassel, UB Kassel, Standort Holländischer Platz $9102599459 lok: 36014672 105 exp: 36014672 105 1 #EPN 201B/01 $030-01-19 $t16:28:35.000 201C/01 $030-01-19 201U/01 $0utf8 203@/01 $01042472033 208@/01 $a13-12-18 $be 209A/01 $a/ $f106 $x00 245Z/01 $a5.01.01. $bArchivwesen außerhalb Europas / Archivwesen weltweit / Allgemeines $x01 247C/01 $8->Marburg, Bibliographie zum Archivwesen der Archivschule Marburg $939588196X lok: 36014672 205 exp: 36014672 205 1 #EPN 201B/01 $021-04-22 $t07:19:55.000 201C/01 $016-02-16 201U/01 $0utf8 203@/01 $0768536332 208@/01 $a16-02-16 $bz 209A/01 $a011 EN 3600 D748 $db $f000 $x00 209C/01 $anel1602en 209C/01 $a48 2016/00415 209G/01 $a63890812 $x00 209G/01 $aOrientwissenschaften $x01 220B/01 $aaltbik450 247C/01 $8351000-1 <4>Marburg, Universität Marburg, Universitätsbibliothek $9102594767
| LEADER | 00000cam a2200000 c 4500 | ||
|---|---|---|---|
| 001 | 360146724 | ||
| 003 | DE-603 | ||
| 005 | 20260313201307.0 | ||
| 007 | tu | ||
| 008 | 150615s2015 xx |||| | u00||u|eng c | ||
| 020 | |a 9781784534110 |c £17.99 | ||
| 035 | |a (DE-599)HEB360146724 | ||
| 035 | |a (OCoLC)909250369 | ||
| 040 | |a DE-603 |b ger |c DE-603 |d DE-603 | ||
| 041 | |a eng | ||
| 082 | 7 | |a 027.0956 |2 23/eng | |
| 084 | |a LO 87142 |0 (DE-625)104853: |0 (DE-603)410100099 |2 rvk | ||
| 084 | |a AK 14366 |0 (DE-625)2512:726 |0 (DE-603)407073116 |2 rvk | ||
| 084 | |a AL 12366 |0 (DE-625)2773:726 |0 (DE-603)407104844 |2 rvk | ||
| 084 | |a AP 19660 |0 (DE-625)7057:1937 |0 (DE-603)407307494 |2 rvk | ||
| 245 | 0 | 0 | |a Dissonant archives |b contemporary visual culture and contested narratives in the Middle East |c edited by Anthony Downey |
| 264 | 1 | |a London |b I.B. Tauris |c 2015 | |
| 300 | |a 469 Seiten |b Illustrationen | ||
| 336 | |a Text |b txt |2 rdacontent | ||
| 337 | |a ohne Hilfsmittel zu benutzen |b n |2 rdamedia | ||
| 338 | |a Band |b nc |2 rdacarrier | ||
| 490 | 0 | |a Ibraaz and the visual culture in the Middle East |v 2 | |
| 600 | 1 | 7 | |a Jacir, Emily |d 1970- |0 (DE-588)128750731 |0 (DE-603)119015986 |2 gnd |
| 600 | 1 | 7 | |a Raad, Walid |d 1967- |0 (DE-588)128711922 |0 (DE-603)118736051 |2 gnd |
| 600 | 1 | 7 | |a Ani, Jananne al- |d 1966- |0 (DE-588)128494506 |0 (DE-603)158991591 |2 gnd |
| 600 | 1 | 7 | |a Abbas, Basel |d 1983- |0 (DE-588)1069545236 |0 (DE-603)357935292 |2 gnd |
| 600 | 1 | 7 | |a Abou-Rahme, Ruanne |d 1983- |0 (DE-588)1069545708 |0 (DE-603)357935691 |2 gnd |
| 600 | 1 | 7 | |a Sedira, Zineb |d 1963- |0 (DE-588)131882244 |0 (DE-603)17992415X |2 gnd |
| 600 | 1 | 7 | |a Zaʿatarī, Akram |d 1966- |0 (DE-588)135864933 |0 (DE-603)202164209 |2 gnd |
| 650 | 7 | |a Archiv |0 (DE-588)4002859-8 |0 (DE-603)084999330 |2 gnd | |
| 650 | 7 | |a Kunst |0 (DE-588)4114333-4 |0 (DE-603)085341703 |2 gnd | |
| 650 | 7 | |a Archiv |g Motiv |0 (DE-588)4695550-1 |0 (DE-603)106417835 |2 gnd | |
| 651 | 7 | |a Mittlerer Osten |0 (DE-588)4039755-5 |0 (DE-603)085108804 |2 gnd | |
| 651 | 7 | |a Naher Osten |0 (DE-588)4068878-1 |0 (DE-603)08519347X |2 gnd | |
| 651 | 7 | |a Nordafrika |0 (DE-588)4042482-0 |0 (DE-603)085117358 |2 gnd | |
| 651 | 7 | |a Arabische Staaten |0 (DE-588)4068789-2 |0 (DE-603)085193178 |2 gnd | |
| 700 | 1 | |a Downey, Anthony |d 20. Jh. |e Herausgeber |4 edt |0 (DE-603)404834388 |0 (DE-588)1136100121 |2 gnd | |
| 856 | 4 | 2 | |m V:DE-576;B:DE-21 |q application/pdf |u http://scans.hebis.de/HEBCGI/show.pl?36014672_toc.pdf |3 Inhaltsverzeichnis |
| 856 | 4 | 2 | |m V:DE-576;B:DE-21 |q application/pdf |u http://scans.hebis.de/HEBCGI/show.pl?36014672_kla.pdf |3 Klappentext |
| 924 | 0 | |9 34/24 |a (DE-603)75729944X |b DE-34-24 |c HES |d c |g 25 Ges CB 5019 | |
| 924 | 0 | |9 - |a (DE-603)1042472033 |b DE- |c HES |d d |g / | |
| 924 | 0 | |9 4 |a (DE-603)768536332 |b DE-4 |c HES |d c |g 011 EN 3600 D748 |h Orientwissenschaften | |